000 00889nam a2200229Ii 4500
003 JO-AjNU
008 230605s9999||||xx |||||||||||||| ||und||
017 _a2005/7/1634
020 _a9957-16-096-6
040 _aJO-AjNU
_bara
_erda
_cJO-AjNU
041 _aara
050 1 4 _aKMM126.R3582.2010
100 3 _a رمضان ، سيد محمود ,
_eauthor
_931240
245 0 0 _aالوسيط في شرح قانون العمل وقانون الضمان الاجتماعي " دراسة مقارنة " مع التطبيقات القضائية لمحكمتي التمييز والنقض
250 _aط1
264 3 1 _aعمان : دار الثقافة ، 2010
300 _a570ص
336 _atext
_btxt
_2rdacontent
337 _aunmediated
_bn
_2rdamedia
338 _avolume
_bnc
_2rdacarrier
650 4 _aقانون العمل والعمال -- الضمان الاجتماعي
_931241
999 _aA12474
_c16042
_d16042